| 000 | 00762nam a2200229 a 4500 | ||
|---|---|---|---|
| 999 |
_c3721 _d3721 |
||
| 001 | 3721 | ||
| 003 | BD-JhCC | ||
| 005 | 20171116193934.0 | ||
| 008 | 171116s1970 bg |||| b||| 001 0 ben d | ||
| 035 | _a(BD-JhCC)3721 | ||
| 040 |
_aBD-JhCC _dBD-JhCC |
||
| 041 | _aben | ||
| 082 |
_a891.4415 _bMON 1970 |
||
| 100 | _aমনিরুজ্জামান, মোহাম্মদ | ||
| 245 |
_aবাংলা কবিতার ছন্দ / _cমোহাম্মদ মনিরুজ্জামান. |
||
| 260 |
_aঢাকা : _bনওরোজ কিতাবিস্তান, _c1970. |
||
| 300 |
_a96 p. : _c21 cm. |
||
| 504 | _aIncludes Bibliographical Reference and Index. | ||
| 650 | _aBengali Prosody | ||
| 942 |
_2ddc _cBK |
||